Formule 1 - Quiz pilote : Sergio Pérez - Statistiques

Statistiques générales
  • Ce quiz a été pris 70 fois
  • Le résultat moyen est 18 sur 25
Statistiques - réponses
Hint Réponse % Correct
Championnat du monde Nombres de titre pilote 0
100%
Championnat du monde Nombres de titre constructeur 2
100%
Informations de base Arrivée en Formule 1 (année) 2011
100%
Informations de base Dernière année en Formule 1 2024
98%
Écuries pour lesquelles il a conduit 2021 - 2024 Red Bull
98%
Informations de base Nationalité (sportive) Mexique
95%
Coéquipiers 2021 - 2024 Max Verstappen
93%
Informations de base Surnom Checo
88%
Informations de base Numéro de pilote 11
86%
Championnat du monde 1er titre (année) 2022
86%
Championnat du monde 2e titre (année) 2023
86%
Victoire Nombre de victoire totale 6
84%
Écuries pour lesquelles il a conduit 2018 - 2020 Racing Point
84%
Écuries pour lesquelles il a conduit 2014 - 2018 Force India
82%
Coéquipiers 2019 - 2020 Lance Stroll
81%
Coéquipiers 2017 - 2018 Esteban Ocon
70%
Coéquipiers 2014 - 2016 & 2020 Nico Hülkenberg
63%
Écuries pour lesquelles il a conduit 2011 - 2012 Sauber
60%
Écuries pour lesquelles il a conduit 2013 McLaren
56%
Victoire 1ère victoire Grand Prix de Bahreïn 2020
44%
Autres Il est le premier pilote mexicain depuis combien d'année 30
39%
Coéquipiers 2011 - 2012 Kamui Kobayashi
30%
Autres Surnom depuis sa décente au enfer Sergio P16
23%
Informations de base Date de naissance 26 janvier 1990
21%
Informations de base Nom complet Sergio Michel Pérez Mendoza
18%
Aucun quiz correspondant
Distribution des résultats
% des personnes avec chaque résultat
Percentile par nombre de réponses
Votre historique - résultats
Vous n’avez pas pris ce quiz